000 00892nmm a2200277 a 4500
001 ocm0002146388
003 TR-IsHL
005 20201028182545.0
008 190204s2017 tu tur
007 cr cn
020 _a9786059562225
035 _a2146388
_b(N$T)
050 0 4 _aPL248.S355
_bG5 2017
090 0 4 _aPL248.S355
_bG5 2017
100 1 _aSailor, Jack
245 1 0 _aGizli vadi
_h[electronic resource] /
_cJack Sailor
250 _a8. Baskı
260 _aİstanbul :
_bGenç Hayat Yayınları,
_c2017
300 _a136 p.
650 4 _aDil ve Edebiyat
650 4 _aLanguage and Literature
650 0 _aTürk edebiyatı
_x Çocuk romanı
650 0 _aTurkish literature
_x Juvenile fiction
650 7 _aLITERARY COLLECTIONS / Middle Eastern
_2bisacsh
856 4 0 _uhttp://search.ebscohost.com/login.aspx?direct=true&scope=site&db=e011xww&AN=2146388
999 _c20124
_d20124